| 000 | 00000nas##2200000za#4500 |
| 001 | 9.507485 |
| 003 | CaOODSP |
| 005 | 20210927150244 |
| 007 | cr ||||||||||| |
| 008 | 150406c2001||||xxc|| p o||||f| |0eng|d |
| 022 | |a1707-8768 |
| 040 | |aCaOODSP|beng |
| 043 | |an-cn--- |
| 086 | 1 |aR1-58E-PDF |
| 110 | 1 |aCanada. |bIndian and Northern Affairs Canada. |
| 245 | 10|aGovernment On-line public report / |h[electronic resource]|cPrepared for Treasury Board of Canada Secretariat. |
| 246 | 1 |aIndian and Northern Affairs Canada, GOL public report |
| 260 | |aOttawa - Ontario : |bIndian and Northern Affairs |
| 310 | |aAnnual |
| 362 | 1 |a[2001-2005] |
| 690 | 07|aGovernment On-Line|2gcpds |
| 775 | 08|tGouvernement en direct, rapport destiné au public / |w(CaOODSP)9.503874 |